| 000 | 00863nas a2200241 a 4500 | ||
|---|---|---|---|
| 001 | 000037312 | ||
| 005 | 20200930080301.0 | ||
| 008 | 120323c20119999dr mr1p dd 0 0spa d | ||
| 040 |
_aDO-SdBNP _bspa _cBNPHU |
||
| 043 | _anwdr | ||
| 130 | 0 |
_aMascotas (Santo Domingo, República Dominicana) _963762 |
|
| 245 | 0 | 0 | _aMascotas. |
| 260 |
_aSanto Domingo, República Dominicana : _bEl Caribe, _c2011. |
||
| 300 |
_av. : _bil. ; _c28 cm. |
||
| 310 | _aIrregular | ||
| 362 | 1 | _a(29 de junio de 2011). | |
| 500 | _aDescripción basada en : (29 de junio de 2011). | ||
| 501 | _aPublicada con el periódico El Caribe. | ||
| 525 | _aSuplemento del periódico El Caribe. | ||
| 650 | 2 | 4 |
_aMascotas _vPUBLICACIONES PERIÓDICAS _963763 |
| 650 | 2 | 4 |
_aAnimales domésticos _vPUBLICACIONES PERIÓDICAS _963764 |
| 651 | 4 |
_aRepública Dominicana _vPUBLICACIONES PERIÓDICAS _925092 |
|
| 999 |
_c36802 _d36802 |
||